| 000 | 00580pam a2200193 a 4500 | ||
|---|---|---|---|
| 020 | _a0860950352 | ||
| 082 | 0 | 0 |
_a693 _bMAR _cL-39, P-83 |
| 100 | 1 |
_aMarsh, Paul Hugh. _945168 |
|
| 245 | 1 | 0 |
_aFixings, fasteners, and adhesives / _cPaul Marsh. |
| 260 |
_aLondon ; _aNew York : _bConstruction Press, _c1984. |
||
| 300 |
_avii, 198 p. : _bill. ; _c22 cm. |
||
| 500 | _aIncludes index. | ||
| 526 |
_a0 _b0 _c0 _d693_000000000000000_MAR |
||
| 650 | 0 |
_aAdhesives. _945403 |
|
| 650 | 0 |
_aFasteners. _945524 |
|
| 650 | 0 |
_aJoints (Engineering) _925367 |
|
| 650 | 0 |
_aMCE _9379 |
|
| 942 |
_2ddc _cBK |
||
| 999 |
_c549023 _d549023 |
||